Normal view
MARC view
- Yechout Thomas. R ,Morris, Steven. L ,Bossert, David. E
Entry Personal Name
001 - CONTROL NUMBER
- control field: 58729
003 - CONTROL NUMBER IDENTIFIER
- control field: NUST
005 - DATE AND TIME OF LATEST TRANSACTION
- control field: 20210628202211.0
008 - FIXED-LENGTH DATA ELEMENTS
- fixed length control field: 210628|| aca||aabn | a|a d
040 ## - CATALOGING SOURCE
- Original cataloging agency: NUST
- Transcribing agency: NUST
100 ## - HEADING--PERSONAL NAME
- Personal name: Yechout Thomas. R ,Morris, Steven. L ,Bossert, David. E
670 ## - SOURCE DATA FOUND
- Source citation: Work cat.: (NUST): Yechout Thomas. R ,Morris, Steven. L ,Bossert, David. E, Introduction to aircraft flight mechanics performance, static stability, dynamic stability, and classical feedback control, 2003
